000 00742nam a2200217 i 4500
001 187996
003 ES-MaACL
005 20230906223058.0
007 t|
008 180406s1929 xxk ||||1| eng d
100 0 _aFowler, R. H.
_952013
245 1 4 _aThe elementary differential geometry of plane curves /
_cby R.H. Fowler.
260 _aLondon :
_bCambridge University Press, 1929.
300 _aVII, 105 p. :
_bil. ;
_c22 cm.
490 1 _aCambridge tracts in mathematics and mathematical physics ;
_v20
650 4 _aCurvas planas.
_9164546
650 4 _aGeometrĂ­a diferencial.
_9143430
830 0 _aCambridge tracts in mathematics and mathematical physics ;
_v20
_9192958
852 _aES-MaACL
_jC-8158
999 _c187996
_d187996